Normal view
MARC view
- Reader-response criticism
Entry Topical Term
001 - CONTROL NUMBER
- control field: 39751
003 - CONTROL NUMBER IDENTIFIER
- control field: OSt
005 - DATE AND TIME OF LATEST TRANSACTION
- control field: 20160403143831.0
008 - FIXED-LENGTH DATA ELEMENTS
- fixed length control field: 160403|| aca||babn | a|a d
040 ## - CATALOGING SOURCE
- Original cataloging agency: OSt
150 ## - HEADING--TOPICAL TERM
- Topical term or geographic name as entry element: Reader-response criticism
450 ## - SEE FROM TRACING--TOPICAL TERM
- Topical term or geographic name entry element: Reader-oriented criticism
450 ## - SEE FROM TRACING--TOPICAL TERM
- Topical term or geographic name entry element: Reception aesthetics
550 ## - SEE ALSO FROM TRACING--TOPICAL TERM
- Topical term or geographic name entry element: Criticism
550 ## - SEE ALSO FROM TRACING--TOPICAL TERM
- Topical term or geographic name entry element: Reading